000 00623nam a2200157Ia 4500
008 100204s9999 xx 000 0 und d
082 _b17291
100 _aगाला ध. रा.
245 _aउपवास करा आणि निरोगी व्हा
260 _b"गाला पब्लिशर्स, अहमदाबाद"
_c1991 3
300 _a47
630 _aउपवास करा आणि निरोगी व्हा
700 _aतोडकर वासंती
730 _aउपवास करा आणि निरोगी व्हा
942 _cBOOK
999 _c461714
_d461711